00480nam a2200193Ia 4500003000900000008004100009020002100050040001600071080001200087100001600099245005400115250001200169260003500181300001400216650001000230650001400240650001000254700002200264IN-BaIIA211028s9999 xx 000 0 eng d a978-0719-576-690 cIIA Library a53bDUN aDuncan, Tom 0aAdvanced physicscYasaman Bahreini and Tom Duncan a5th ed. aLondonbHodder Educationc2008 aix, 587p. aAtoms aMechanics aWaves aBahreini, Yasaman